Normal view
MARC view
- Nazish Yousaf
Entry Personal Name
001 - CONTROL NUMBER
- control field: 70335
003 - CONTROL NUMBER IDENTIFIER
- control field: NUST
005 - DATE AND TIME OF LATEST TRANSACTION
- control field: 20210628204432.0
008 - FIXED-LENGTH DATA ELEMENTS
- fixed length control field: 210628|| aca||aabn | a|a d
040 ## - CATALOGING SOURCE
- Original cataloging agency: NUST
- Transcribing agency: NUST
100 ## - HEADING--PERSONAL NAME
- Personal name: Nazish Yousaf
670 ## - SOURCE DATA FOUND
- Source citation: Work cat.: (NUST): Nazish Yousaf , TH-SOF-1459-Automated Model-based UI Test Case Generation from Interaction Flow Modeling Language (IFML) Models, 2017
